The triumph & tragedy of Lyndon Johnson : (Record no. 1026)

000 -LEADER
fixed length control field 01336nam a22003617a 4500
001 - CONTROL NUMBER
control field 2014897
003 - CONTROL NUMBER IDENTIFIER
control field OSt
005 - DATE AND TIME OF LATEST TRANSACTION
control field 20210426115957.0
008 - FIXED-LENGTH DATA ELEMENTS--GENERAL INFORMATION
fixed length control field 910624s1991 nyua b 001 0beng
010 ## - LIBRARY OF CONGRESS CONTROL NUMBER
LC control number 91024439
020 ## - INTERNATIONAL STANDARD BOOK NUMBER
International Standard Book Number 0671664891
040 ## - CATALOGING SOURCE
Original cataloging agency DLC
Transcribing agency DLC
Modifying agency DLC
Language of cataloging eng
041 ## - LANGUAGE CODE
Language code of text/sound track or separate title eng
043 ## - GEOGRAPHIC AREA CODE
Geographic area code n-us---
050 00 - LIBRARY OF CONGRESS CALL NUMBER
Classification number E847
Item number .C32 1991
080 ## - UNIVERSAL DECIMAL CLASSIFICATION NUMBER
Universal Decimal Classification number 92
Item number C-16
082 00 - DEWEY DECIMAL CLASSIFICATION NUMBER
Classification number 973.923/092
-- B
Edition number 20
100 1# - MAIN ENTRY--PERSONAL NAME
Personal name Califano, Joseph A.,
Titles and words associated with a name Jr.,
Dates associated with a name 1931-
245 14 - TITLE STATEMENT
Title The triumph & tragedy of Lyndon Johnson :
Remainder of title the White House years /
Statement of responsibility, etc. / by: Simon & Schuster
260 ## - PUBLICATION, DISTRIBUTION, ETC.
Place of publication, distribution, etc. New York
Name of publisher, distributor, etc. Simon & Schuster
Date of publication, distribution, etc. c1991.
300 ## - PHYSICAL DESCRIPTION
Extent 398 p.
Other physical details ill.
Dimensions 25 cm.
365 ## - TRADE PRICE
Price amount 25 usd
504 ## - BIBLIOGRAPHY, ETC. NOTE
Bibliography, etc. note Includes bibliographical references (p. 345-381) and index.
600 10 - SUBJECT ADDED ENTRY--PERSONAL NAME
Personal name Johnson, Lyndon B.
Fuller form of name (Lyndon Baines),
Dates associated with a name 1908-1973.
600 10 - SUBJECT ADDED ENTRY--PERSONAL NAME
Personal name Califano, Joseph A.,
Titles and other words associated with a name Jr.,
Dates associated with a name 1931-
650 #0 - SUBJECT ADDED ENTRY--TOPICAL TERM
Topical term or geographic name entry element Presidents
Geographic subdivision United States
General subdivision Biography.
651 #0 - SUBJECT ADDED ENTRY--GEOGRAPHIC NAME
Geographic name United States
General subdivision Politics and government
Chronological subdivision 1963-1969.
653 ## - INDEX TERM--UNCONTROLLED
Uncontrolled term ბიოგრაფია
740 0# - ADDED ENTRY--UNCONTROLLED RELATED/ANALYTICAL TITLE
Uncontrolled related/analytical title Triumph and tragedy of Lyndon Johnson.
906 ## - LOCAL DATA ELEMENT F, LDF (RLIN)
a 7
b cbc
c orignew
d 1
e ocip
f 19
g y-gencatlg
942 ## - ADDED ENTRY ELEMENTS (KOHA)
Source of classification or shelving scheme
Koha item type Books
Holdings
Withdrawn status Lost status Source of classification or shelving scheme Damaged status Not for loan Permanent location Current location Date acquired Inventory number Total Checkouts Full call number Barcode Date last seen Price effective from Koha item type
          Ken Walker International University Ken Walker International University 01/28/2021 2516   92 C-16 2516 01/28/2021 01/28/2021 Books

Powered by Koha